000
00310nam a22001217a 4500
020
_a
0-19-853408-6
082
_a
512.9434 DUF'D
100
_a
DUFF, I.S , REID, V.K , ERISMAN, A.M
_9
65052
245
_a
DISCREAT METHDS FOR SPARSE MATRICES
260
_a
OXFORD
_b
CLARENDON
_c
1986
300
_a
341P
942
_c
BK
999
_c
573372
_d
573372